000 00588nam a2200229 i 4500
001 C2-0136537
003 PPAK
005 20180727124211.0
008 971206s1983 my |||| ||||| | may d
040 _aPPAK
_beng
_cPPAK
_erda
082 0 4 _a303.44
_223
090 0 0 _a303.44
_bSEM
_dKK
245 0 0 _aSeminar Pembandaran dan Pembangunan Negara
264 1 _aBangi, Selangor :
_c1983
300 _aJil. ;
_c30 cm
336 _2rdacontent
_atext
337 _2rdamedia
_aunmediated
338 _2rdacarrier
_avolume
500 _aKertaskerja
650 1 0 _aUrbanization
942 _ddc
_cB
999 _c42904
_d42904